A survey of plant-food consumption in the United States in the year ended June 30, 1939 /

Bibliographic Details
Corporate Authors: National Fertilizer Association (1925-1955), United States. Bureau of Plant Industry
Other Authors: Mehring, A. L. (Arnon Lewis), 1892-1983, Deming, Lola Elizabeth Shupe, 1906-, Willett, Herbert, 1902-1984
Format: Book
Language:English
Published: Washington, D.C. : The National fertilizer association, 1940.
Subjects:

MARC

Tag First Indicator Second Indicator Subfields
LEADER 00000cam a2200000 4500
001 in00000057068
005 20151008050937.0
008 800503s1940 dcuab 00000 eng
010 |a  41018658  
035 |a (OCoLC)06276603 
035 |9 AAG4479AM 
040 |a DLC  |c TXA  |d UtOrBLW 
049 |a TXAM  |c [91837] 
050 0 |a HD9483  |b .N33 
082 0 |a 338.4 
092 |a 338.4  |b N277s 
110 2 |a National Fertilizer Association (1925-1955) 
245 1 2 |a A survey of plant-food consumption in the United States in the year ended June 30, 1939 /  |c by A. L. Mehring and Lola S. Deming ... and Herbert Willett ... With a foreword by Charles J. Brand ... 
264 1 |a Washington, D.C. :  |b The National fertilizer association,  |c 1940. 
300 |a 86 pages including illustrations (map) tables, diagram ;  |c 23 cm. 
336 |a text  |b txt  |2 rdacontent 
337 |a unmediated  |b n  |2 rdamedia 
338 |a volume  |b nc  |2 rdacarrier 
500 |a The National fertilizer association and the U.S. Bureau of plant industry cooperated in making this survey. cf. introduction. 
650 0 |a Fertilizers. 
700 1 |a Mehring, A. L.  |q (Arnon Lewis),  |d 1892-1983. 
700 1 |a Deming, Lola Elizabeth Shupe,  |d 1906- 
700 1 |a Willett, Herbert,  |d 1902-1984. 
710 1 |a United States.  |b Bureau of Plant Industry. 
740 0 |a Plant-food consumption in the United States. 
999 |a MARS 
999 f f |s 40d31045-8a85-3f84-a25a-8f978ce4afd4  |i 53ee369f-b65a-3df5-96a4-7042f7dbb381  |t 0 
952 f f |p ric  |a Texas A&M University  |b Rellis Campus  |c Joint Library Facility  |d Remote Storage  |t 0  |e HD9483 .N33  |h Library of Congress classification  |i unmediated -- volume  |m A14800764821 
998 f f |a HD9483 .N33  |t 0  |l Remote Storage